00734nam a22001935i 450000500170000002000180001704100080003508200160004310000190005924501180007826000430019630000310023950400190027050501520028960000190044165000290046065000330048970000180052220260701153422.0 a9789370033450 aENG a378.54bRAM aRam, Pattabhi 04aThe man who saw tomorrow :bthe untold story of N.J. Yasaswy, the founder of ICFAI /cPattabhi Ram, Sudhakar Rao. aNew Delhi :bRupa Publication,c2025 . axxiii, 231 pages ;c22 cm. aInclude index. aI. Finding his feet -- II. Building big -- III. Trial by fire -- IV. Republic of learning -- V. Walking together -- VI. The man -- VII. Final days aYasaswy, N. J. aHigher education zIndia aManagement educationzIndia. aRao, Sudhakar